Essays in criticism

Na minha lista:
Detalhes bibliográficos
Autor principal: Arnold, Matthew (Author)
Formato: Livro
Idioma:inglês
Publicado em: Londres Macmillan and Co 1884
Assuntos:
Tags: Adicionar Tag
Sem tags, seja o primeiro a adicionar uma tag!

MARC

LEADER 00000nam a2200000 a 4500
001 UCQ3721
003 CL-VaPUC
008 980821e18840000UK |||||||||||||||||eng|d
082 0 4 |a 801.95  |b ARN  |2 21 
100 0 |a Arnold, Matthew  |e author  |9 355457 
245 1 0 |a Essays in criticism 
300 |a 379 p 
942 |c BK 
945 |d 19980821 00:00:00  |a crobeson 
260 |a Londres  |b Macmillan and Co  |c 1884 
650 0 |a Crítica literaria   |9 269189 
650 0 |a Análisis literario  |9 318386 
650 0 |a Crítica de arte  |9 334590 
650 0 |a Literatura  |9 259151 
583 |a last modification  |c 19980821 00:00:00  |k Rodrigo Vera 
999 |c 274237  |d 274235 
952 |0 0  |1 0  |4 0  |6 801_950000000000000_ARN_1884  |7 0  |8 P  |9 310358  |a BIBEDU  |b BIBEDU  |d 2019-11-20  |i 1457462  |o 801.95 ARN 1884  |p 1457462  |r 2019-11-20  |w 2019-11-20  |y BK  |k LIT